000 01262nam a2200301 i 4500
001 11318
003 ES-MaACL
005 20230906150056.0
007 t|
008 940922s1994 sp |||| | spa
020 _a84-7788-301-7
080 _a904(460.285)
100 1 _aIzquierdo Benito, Ricardo.
_965720
245 1 0 _aExcavaciones en la ciudad hispanomusulmana de Vascos (Navalmorejo, Toledo)
_b: campañas 1983-1988 /
_cRicardo Izquierdo Benito, con la colaboración de Luis Braojos Largo ... [et al.].
246 3 4 _aCiudad hispanomusulmana "Vascos"
260 _a[Toledo] :
_bServicio de Publicaciones de la Junta de Comunidades de Castilla-La Mancha,
_c[1994]
300 _a195 p :
_bil. ;
_c30 cm.
490 1 _aPatrimonio histórico-arqueología Castilla-La Mancha
504 _aBibliografía: p. 193-195.
650 4 _aExcavaciones arqueológicas-
_zToledo (Provincia)
_912649
651 4 _aVascos (Ciudad desaparecida)
_9168867
651 4 _aToledo (Provincia)-
_xRestos arqueológicos.
_9168868
700 1 _aBraojos Largo, Luis.
_931379
710 1 _aCastilla-La Mancha.
_bJunta de Comunidades.
_92495
830 1 _aPatrimonio histórico-arqueología Castilla-La Mancha
_9228193
852 _aES-MaACL
_jL-18634
999 _c11318
_d11318